000 00430nam a2200157Ia 4500
008 140609s9999 xx 000 0 und d
020 _a9789715115926
050 _aBV 210.2
_b.M38 1996
100 _aMaxwell, John C.
245 _aPartners in prayer /
_cJohn C. Maxwell
260 _aManila, Philippines :
_bOMF Literature Inc.,
_cc1996.
300 _a178 p. ;
_c21 cm.
521 _aGE
942 _kFOR
_cBK
999 _c118095
_d118095